[Event "32nd ECC Open 2016"]
[Site "Novi Sad SRB"]
[Date "2016.11.12"]
[Round "7.7"]
[Board "6"]
[White "Rosenthal, Jonathan"]
[Black "De Jong, Jan-Willem"]
[Result "1/2-1/2"]
[WhiteTitle "FM"]
[BlackTitle "IM"]
[WhiteElo "2333"]
[BlackElo "2447"]
[WhiteTeam "Schachgesellschaft Zurich"]
[BlackTeam "LSG IntelliMagic"]
[WhiteFideId "1315684"]
[BlackFideId "1008641"]
[EventDate "2016.11.06"]

1. d4 Nf6 2. c4 e6 3. Nf3 d5 4. Nc3 Be7 5. Bg5 O-O 6. e3 h6 7. Bh4 b6 8. Bxf6
Bxf6 9. cxd5 exd5 10. Be2 Bb7 11. O-O Nd7 12. Qb3 c6 13. Rfd1 Re8 14. Qc2 Be7
15. Rab1 a5 16. a3 Bd6 17. Ne1 Nf6 18. Bf3 Qe7 19. Nd3 c5 20. dxc5 bxc5 21. Nb5
c4 22. Nc1 Be5 23. Ne2 Rac8 24. Nbc3 Red8 25. Nd4 g6 26. Rd2 Ne4 27. Nxe4 dxe4
28. Be2 Bxd4 29. Rxd4 Rxd4 30. exd4 e3 31. Rf1 Qg5 32. f3 Bd5 33. Qc3 Rb8 34.
Bd1 Kh7 35. Re1 Rb3 36. Bxb3 Bxf3 37. g3 cxb3 38. Qxb3 Bd5 39. Qxe3 Qf5 40. Qf2
Qd3 41. h4 h5 42. Kh2 a4 43. Re5 Be6 44. Qe3 Qd1 45. Rc5 Bb3 46. Rc1 Qg4 47. Qd3
Qe6 48. Rc5 Bd5 49. Qb5 Bb3 50. Re5 Qd6 51. Qd3 Kg7 52. Qe4 Qf6 53. Qf4 Qc6 54.
Rc5 Qa6 55. Qe5+ Kh7 56. d5 Qf1 57. Qf4 Qe2+ 58. Kh3 Bxd5 59. Rxd5 1/2-1/2

[Event "32nd ECC Open 2016"]
[Site "Novi Sad SRB"]
[Date "2016.11.12"]
[Round "7.8"]
[Board "1"]
[White "Postny, Evgeny"]
[Black "Artemiev, Vladislav"]
[Result "1/2-1/2"]
[WhiteTitle "GM"]
[BlackTitle "GM"]
[WhiteElo "2616"]
[BlackElo "2658"]
[WhiteTeam "Beer Sheva Chess Club"]
[BlackTeam "Ladya Kazan"]
[WhiteFideId "2804344"]
[BlackFideId "24101605"]
[EventDate "2016.11.06"]

1. d4 d5 2. c4 c6 3. Nf3 Nf6 4. Nc3 e6 5. Bg5 Nbd7 6. e3 h6 7. Bh4 g5 8. Bg3 Nh5
9. Be5 Nhf6 10. Bd3 Nxe5 11. Nxe5 Nd7 12. Nxd7 Bxd7 13. Qh5 Bg7 14. h4 c5 15.
cxd5 cxd4 16. Ne4 Qa5+ 17. Ke2 Qxd5 18. hxg5 Ke7 19. gxh6 Qxh5+ 20. Rxh5 Rxh6
21. Rxh6 Bxh6 22. exd4 Bg7 23. Nc5 Bc6 24. Be4 Bxd4 25. Bxc6 Bxc5 26. Rc1 Bd6
27. Bf3 Rh8 28. g3 b6 29. Rc4 Rh2 30. Kf1 Bc5 31. Bg2 Rh5 32. b4 Bd6 33. a3 a5
34. bxa5 Rxa5 35. a4 b5 1/2-1/2

[Event "32nd ECC Open 2016"]
[Site "Novi Sad SRB"]
[Date "2016.11.12"]
[Round "7.8"]
[Board "2"]
[White "Kamsky, Gata"]
[Black "Roiz, Michael"]
[Result "1-0"]
[WhiteTitle "GM"]
[BlackTitle "GM"]
[WhiteElo "2648"]
[BlackElo "2605"]
[WhiteTeam "Ladya Kazan"]
[BlackTeam "Beer Sheva Chess Club"]
[WhiteFideId "2000024"]
[BlackFideId "2804158"]
[EventDate "2016.11.06"]

1. e4 e6 2. d4 d5 3. Nd2 dxe4 4. Nxe4 Nd7 5. Nf3 Ngf6 6. Bd3 c5 7. Nxf6+ Nxf6 8.
Be3 Qc7 9. O-O c4 10. Be2 Bd6 11. c3 Bd7 12. Ne5 Nd5 13. Bd2 O-O 14. Nxd7 Qxd7
15. Bxc4 Bxh2+ 16. Kh1 Bc7 17. Qf3 b5 18. Bb3 Rab8 19. a3 a5 20. g3 a4 21. Bc2
Nb6 22. Rad1 Nc4 23. Bc1 f5 24. Kg2 Qd5 25. Rfe1 g6 26. Re2 Rfe8 27. Rde1 Qxf3+
28. Kxf3 Kf7 29. b3 axb3 30. Bxb3 Ra8 31. a4 Rxa4 32. Bxa4 bxa4 33. Ra2 Ra8 34.
Ke2 e5 35. Kd3 Nb6 36. dxe5 Ke6 37. Be3 1-0

[Event "32nd ECC Open 2016"]
[Site "Novi Sad SRB"]
[Date "2016.11.12"]
[Round "7.8"]
[Board "3"]
[White "Huzman, Alexander"]
[Black "Timofeev, Artyom"]
[Result "1/2-1/2"]
[WhiteTitle "GM"]
[BlackTitle "GM"]
[WhiteElo "2567"]
[BlackElo "2598"]
[WhiteTeam "Beer Sheva Chess Club"]
[BlackTeam "Ladya Kazan"]
[WhiteFideId "2803828"]
[BlackFideId "4140419"]
[EventDate "2016.11.06"]

1. Nf3 c5 2. c4 Nf6 3. d4 cxd4 4. Nxd4 e6 5. Nc3 Nc6 6. a3 Be7 7. e4 O-O 8. Nf3
Qa5 9. Bd2 Qh5 10. Be2 d5 11. cxd5 exd5 12. exd5 Nxd5 13. Nd4 Qe5 14. Nxc6 bxc6
15. O-O Be6 16. Bf3 Rfd8 17. Re1 Nxc3 18. Bxc3 Rxd1 19. Bxe5 Rxa1 20. Rxa1 Rc8
21. b4 Bd5 22. Rd1 Bxf3 23. gxf3 f6 24. Bf4 Rd8 25. Rc1 Rd3 26. Rxc6 Rxa3 27.
Be3 Bxb4 28. Rc8+ Kf7 29. Rc7+ Kg6 30. Rxa7 Rxa7 31. Bxa7 1/2-1/2

[Event "32nd ECC Open 2016"]
[Site "Novi Sad SRB"]
[Date "2016.11.12"]
[Round "7.8"]
[Board "4"]
[White "Hasangatin, Ramil"]
[Black "Greenfeld, Alon"]
[Result "1/2-1/2"]
[WhiteTitle "GM"]
[BlackTitle "GM"]
[WhiteElo "2505"]
[BlackElo "2562"]
[WhiteTeam "Ladya Kazan"]
[BlackTeam "Beer Sheva Chess Club"]
[WhiteFideId "4122160"]
[BlackFideId "2800039"]
[EventDate "2016.11.06"]

1. d4 Nf6 2. Nf3 d5 3. c3 Bf5 4. Qb3 Qc8 5. Bf4 e6 6. Nh4 Be4 7. Nd2 Bd6 8. Bg3
h6 9. Nhf3 O-O 10. e3 Nbd7 11. Be2 Bxg3 12. hxg3 c5 13. Nxe4 Nxe4 14. dxc5 Ndxc5
15. Qc2 Qc7 16. O-O Rac8 17. Rac1 Nd6 18. Nd4 a6 19. c4 dxc4 20. Bxc4 Nce4 21.
Bb3 Qa5 22. Qd3 Nc5 23. Qb1 Nde4 24. Rfd1 Nxb3 25. Nxb3 Qf5 26. Rf1 e5 27. Rxc8
Rxc8 28. g4 Qg6 29. f3 Nf6 30. Qxg6 fxg6 31. Rc1 Rd8 32. Kf2 Rd7 33. Ke2 Kf7 34.
Rc8 e4 35. Nc5 Re7 36. Nxe4 1/2-1/2

[Event "32nd ECC Open 2016"]
[Site "Novi Sad SRB"]
[Date "2016.11.12"]
[Round "7.8"]
[Board "5"]
[White "Mikhalevski, Victor"]
[Black "Faizrakhmanov, Ramil"]
[Result "0-1"]
[WhiteTitle "GM"]
[BlackTitle "FM"]
[WhiteElo "2508"]
[BlackElo "2422"]
[WhiteTeam "Beer Sheva Chess Club"]
[BlackTeam "Ladya Kazan"]
[WhiteFideId "2801914"]
[BlackFideId "24103209"]
[EventDate "2016.11.06"]

1. Nf3 Nf6 2. c4 e6 3. g3 d5 4. b3 Be7 5. Bg2 O-O 6. O-O b6 7. Bb2 Bb7 8. e3 c5
9. Nc3 Qc8 10. cxd5 Nxd5 11. Nxd5 Bxd5 12. d4 Nd7 13. Re1 Be4 14. Nd2 Bxg2 15.
Kxg2 cxd4 16. exd4 Nf6 17. Qf3 Nd5 18. Nc4 Qa6 19. a4 Bf6 20. Rec1 Rfd8 21. Ne5
Qb7 22. Kg1 Rac8 23. Rc4 a6 24. Rac1 b5 25. axb5 axb5 26. Rc5 Bxe5 27. dxe5 Rxc5
28. Rxc5 Nf4 0-1

[Event "32nd ECC Open 2016"]
[Site "Novi Sad SRB"]
[Date "2016.11.12"]
[Round "7.8"]
[Board "6"]
[White "Murtazin, Bulat"]
[Black "Khmelniker, Ilya"]
[Result "1/2-1/2"]
[WhiteTitle "FM"]
[BlackTitle "GM"]
[WhiteElo "2384"]
[BlackElo "2489"]
[WhiteTeam "Ladya Kazan"]
[BlackTeam "Beer Sheva Chess Club"]
[WhiteFideId "24151351"]
[BlackFideId "2805340"]
[EventDate "2016.11.06"]

1. d4 Nf6 2. c4 g6 3. f3 e6 4. e4 d5 5. cxd5 exd5 6. Nc3 Nc6 7. Bb5 a6 8. Bxc6+
bxc6 9. Nge2 Bg7 10. Bg5 h6 11. Bh4 g5 12. Bg3 Nh5 13. Bf2 O-O 14. Qd2 Re8 15.
h4 g4 16. O-O-O dxe4 17. fxe4 Rb8 18. Ng3 Nxg3 19. Bxg3 c5 20. dxc5 Qe7 21. Bf2
Rb4 22. Rhe1 g3 23. Bg1 Bg4 24. a3 Rc4 25. Qd3 Qe6 26. Rd2 Be5 27. Rc2 Rb8 28.
Qd5 Rb3 29. Qxe6 fxe6 30. Kd2 Bxc3+ 31. bxc3 e5 32. Re3 Rb1 33. Rc1 Rxc1 34.
Kxc1 h5 35. Rxg3 Rxe4 36. Re3 Rxe3 1/2-1/2

[Event "32nd ECC Open 2016"]
[Site "Novi Sad SRB"]
[Date "2016.11.12"]
[Round "7.9"]
[Board "1"]
[White "Lupulescu, Constantin"]
[Black "Papp, Gabor1"]
[Result "0-1"]
[WhiteTitle "GM"]
[BlackTitle "GM"]
[WhiteElo "2609"]
[BlackElo "2587"]
[WhiteTeam "AEM Luxten Timisoara"]
[BlackTeam "CSM Baia Mare"]
[WhiteFideId "1207822"]
[BlackFideId "718602"]
[EventDate "2016.11.06"]

1. d4 Nf6 2. c4 c5 3. d5 e6 4. Nc3 exd5 5. cxd5 d6 6. Nf3 g6 7. Bf4 Bg7 8. Qa4+
Bd7 9. Qb3 b5 10. Bxd6 Qb6 11. Be5 O-O 12. e3 c4 13. Qc2 Bf5 14. Qd1 Nbd7 15.
Bd4 Qb7 16. Nh4 Be4 17. Nxe4 Nxe4 18. Bxg7 Kxg7 19. Qd4+ Ndf6 20. f3 Rfe8 21. g3
Rad8 22. fxe4 Rxe4 23. Qc3 b4 24. Qc1 Nxd5 25. Bg2 Nxe3 26. Bxe4 Qxe4 27. Kf2
Rd3 28. Re1 Ng4+ 29. Kg1 Qd4+ 30. Kh1 Qf2 31. Ng2 Rd2 32. Rg1 Qe2 33. h4 Nf2+
34. Kh2 Qg4 35. Nf4 Qh3+ 0-1

[Event "32nd ECC Open 2016"]
[Site "Novi Sad SRB"]
[Date "2016.11.12"]
[Round "7.9"]
[Board "2"]
[White "Erdos, Viktor"]
[Black "Parligras, Mircea-Emilian"]
[Result "1/2-1/2"]
[WhiteTitle "GM"]
[BlackTitle "GM"]
[WhiteElo "2585"]
[BlackElo "2599"]
[WhiteTeam "CSM Baia Mare"]
[BlackTeam "AEM Luxten Timisoara"]
[WhiteFideId "719978"]
[BlackFideId "1204297"]
[EventDate "2016.11.06"]

1. d4 Nf6 2. c4 e6 3. Nc3 Bb4 4. Nf3 d5 5. cxd5 exd5 6. Bf4 c6 7. e3 Bf5 8. Be2
O-O 9. O-O Bd6 10. Bxd6 Qxd6 11. Nh4 Be6 12. Nf3 Bf5 13. Nh4 Be6 14. Nf3 Bf5 15.
Nh4 1/2-1/2

[Event "32nd ECC Open 2016"]
[Site "Novi Sad SRB"]
[Date "2016.11.12"]
[Round "7.9"]
[Board "3"]
[White "Nevednichy, Vladislav"]
[Black "Vajda, Levente"]
[Result "1-0"]
[WhiteTitle "GM"]
[BlackTitle "GM"]
[WhiteElo "2541"]
[BlackElo "2597"]
[WhiteTeam "AEM Luxten Timisoara"]
[BlackTeam "CSM Baia Mare"]
[WhiteFideId "1205730"]
[BlackFideId "1203975"]
[EventDate "2016.11.06"]

1. e4 d6 2. d4 e5 3. dxe5 dxe5 4. Qxd8+ Kxd8 5. Bc4 f6 6. Nc3 Nd7 7. Be3 c6 8.
a4 Bc5 9. a5 Bxe3 10. fxe3 Nc5 11. b4 Be6 12. Bd3 Nxd3+ 13. cxd3 Ne7 14. Nf3 Kc7
15. Ke2 Rad8 16. Na4 Nc8 17. Nc5 Rhe8 18. Rhc1 Nd6 19. h3 Bc8 20. Na4 Re7 21.
Nd2 Be6 22. Nc5 Bf7 23. Nb1 Kb8 24. Nc3 b6 25. N5a4 Kb7 26. Ra3 Red7 27. axb6
axb6 28. Rca1 Nc8 29. Nb1 Kb8 30. Nd2 Ra7 31. Nf3 Kc7 32. Nc3 Rxa3 33. Rxa3 Kb7
34. Ra1 Nd6 35. g4 Be6 36. Nh4 h5 37. Nf5 hxg4 38. hxg4 Nc8 39. Rg1 g6 40. Nh4
Rh8 41. Nf3 g5 42. d4 exd4 43. exd4 Nd6 44. e5 fxe5 45. dxe5 Nc4 46. Nxg5 Rh2+
47. Kd3 Nxe5+ 48. Ke4 Nxg4 49. Nxe6 Rh4 50. Nf4 Nf2+ 51. Ke5 Ng4+ 52. Kd6 Ne3
53. Rg7+ Ka6 54. Kxc6 1-0

[Event "32nd ECC Open 2016"]
[Site "Novi Sad SRB"]
[Date "2016.11.12"]
[Round "7.9"]
[Board "4"]
[White "Georgescu, Tiberiu-Marian"]
[Black "Berescu, Alin-Mile"]
[Result "0-1"]
[WhiteTitle "GM"]
[BlackTitle "GM"]
[WhiteElo "2460"]
[BlackElo "2452"]
[WhiteTeam "CSM Baia Mare"]
[BlackTeam "AEM Luxten Timisoara"]
[WhiteFideId "1213300"]
[BlackFideId "1204920"]
[EventDate "2016.11.06"]

1. d4 Nf6 2. c4 e6 3. Nc3 Bb4 4. e3 O-O 5. Ne2 d5 6. a3 Bd6 7. Ng3 c6 8. Qc2 e5
9. cxd5 cxd5 10. Nb5 Nc6 11. Nxd6 Qxd6 12. dxe5 Qxe5 13. Bb5 Bd7 14. O-O h5 15.
Bxc6 bxc6 16. Bd2 h4 17. Bc3 Qe6 18. Ne2 Ne4 19. Nf4 Qh6 20. Bb4 Rfe8 21. f3 Nd6
22. Bxd6 Qxd6 23. Qf2 d4 24. Rad1 c5 25. Qxh4 Ba4 26. Rd2 Rxe3 27. Qg5 Bb5 28.
Rc1 Re5 29. Qg3 Rae8 30. Nd3 Bxd3 31. Rxd3 c4 32. Rd2 c3 33. Rxc3 dxc3 34. Rxd6
Re1+ 35. Qxe1 Rxe1+ 36. Kf2 cxb2 0-1

[Event "32nd ECC Open 2016"]
[Site "Novi Sad SRB"]
[Date "2016.11.12"]
[Round "7.9"]
[Board "5"]
[White "Grunberg, Mihai-Lucian"]
[Black "Dolana, Andrei-Theodor"]
[Result "1-0"]
[WhiteTitle "IM"]
[BlackTitle "FM"]
[WhiteElo "2397"]
[BlackElo "2297"]
[WhiteTeam "AEM Luxten Timisoara"]
[BlackTeam "CSM Baia Mare"]
[WhiteFideId "1204149"]
[BlackFideId "1219804"]
[EventDate "2016.11.06"]

1. Nf3 d5 2. g3 g6 3. Bg2 Bg7 4. d4 Nf6 5. c4 c6 6. Qb3 O-O 7. Nc3 dxc4 8. Qxc4
Bf5 9. O-O Nbd7 10. a4 a5 11. Re1 Ne4 12. Bf4 Qb6 13. Nh4 Nd6 14. Bxd6 Be6 15.
Qd3 exd6 16. Nf3 d5 17. e3 Bf5 18. Qd2 Rfe8 19. h3 Qd8 20. Kh2 Bf8 21. Nh4 Be6
22. f4 Be7 23. Nf3 Bf5 24. g4 Be4 25. Qe2 Bb4 26. Rf1 Bxf3 27. Bxf3 Nb6 28. Nd1
Nc4 29. Qd3 Qh4 30. b3 Nd2 31. Rf2 Ne4 32. Rg2 g5 33. Bxe4 dxe4 34. Qf1 gxf4 35.
exf4 Rad8 36. Ne3 Qf6 37. Nf5 c5 38. dxc5 e3 39. Rd1 Bxc5 40. Re2 Qe6 41. Rxd8
Rxd8 42. Qa1 f6 43. Qc3 b6 44. Kg3 Re8 45. Qd3 Kh8 46. h4 h5 47. g5 Qf7 48. Nh6
Qg7 49. Qd5 Rf8 50. Nf5 Qg6 51. Nxe3 fxg5 52. Qxg5 Qf7 53. Qh6+ Kg8 54. Rg2 Bd4
55. Kh2+ Bg7 56. Nf5 1-0

[Event "32nd ECC Open 2016"]
[Site "Novi Sad SRB"]
[Date "2016.11.12"]
[Round "7.9"]
[Board "6"]
[White "Szabo, Attila1"]
[Black "Toma, Radu-Cristian"]
[Result "1/2-1/2"]
[WhiteTitle "FM"]
[WhiteElo "2312"]
[BlackElo "2368"]
[WhiteTeam "CSM Baia Mare"]
[BlackTeam "AEM Luxten Timisoara"]
[WhiteFideId "1206532"]
[BlackFideId "1217992"]
[EventDate "2016.11.06"]

1. c4 c5 2. Nf3 Nf6 3. d4 cxd4 4. Nxd4 b6 5. Nc3 Bb7 6. Bg5 d6 7. Bxf6 gxf6 8.
e4 Nc6 9. Nxc6 Bxc6 10. Bd3 h5 11. O-O h4 12. f4 Qc8 13. Qe2 Bh6 14. Rf2 e6 15.
f5 e5 16. Kh1 Bb7 17. Rd1 Ke7 18. Bc2 Qc5 19. Rf3 Rac8 20. Bd3 Bf4 21. a3 a5 22.
Qc2 Rcg8 23. Na4 Qd4 24. Nc3 Qc5 25. Na4 Qd4 26. Nc3 Qc5 1/2-1/2

[Event "32nd ECC Open 2016"]
[Site "Novi Sad SRB"]
[Date "2016.11.12"]
[Round "7.10"]
[Board "1"]
[White "Ragger, Markus"]
[Black "Bluebaum, Matthias"]
[Result "1/2-1/2"]
[WhiteTitle "GM"]
[BlackTitle "GM"]
[WhiteElo "2694"]
[BlackElo "2641"]
[WhiteTeam "SC MPO Maria Saal"]
[BlackTeam "SV Werder Bremen"]
[WhiteFideId "1610856"]
[BlackFideId "24651516"]
[EventDate "2016.11.06"]

1. e4 e6 2. d4 d5 3. Nc3 Nf6 4. e5 Nfd7 5. f4 c5 6. Nf3 Nc6 7. Be3 Be7 8. Qd2 a6
9. a3 O-O 10. dxc5 Nxc5 11. Qf2 b6 12. b4 f6 13. bxc5 bxc5 14. Bxc5 Qa5 15. Bd4
fxe5 16. Nxe5 Nxd4 17. Qxd4 Rxf4 18. Nc6 Bc5 19. Qe5 Bd6 20. Qxg7+ Kxg7 21. Nxa5
Be5 22. Kd2 Rf2+ 23. Kd3 Bf4 24. Ne2 Bh6 25. c4 Kg8 26. Rd1 Bd7 27. Nc3 Rc8 28.
Be2 Rc5 29. cxd5 Rxa5 30. dxe6 Bxe6 31. Rdf1 Rxf1 32. Rxf1 Rxa3 33. Rf6 Rxc3+
34. Kxc3 Bg7 35. Bxa6 Bxf6+ 36. Kd3 Kg7 37. Ke4 Bc3 38. Be2 Kf6 39. Kf3 Bd5+ 40.
Kf2 Bd4+ 41. Kg3 Be5+ 42. Kf2 Kg5 43. Kg1 Bd4+ 44. Kh1 Kf4 45. Bf3 Be6 46. Bc6
Ke3 47. Bb7 Bf5 48. Bc6 Bd3 49. Bb7 h5 50. g3 Kf2 51. Bc6 Be2 52. Bb7 Bf3+ 53.
Bxf3 Kxf3 54. h3 Kxg3 55. h4 Kh3 1/2-1/2

[Event "32nd ECC Open 2016"]
[Site "Novi Sad SRB"]
[Date "2016.11.12"]
[Round "7.10"]
[Board "2"]
[White "Werle, Jan"]
[Black "Naumann, Alexander"]
[Result "1/2-1/2"]
[WhiteTitle "GM"]
[BlackTitle "GM"]
[WhiteElo "2551"]
[BlackElo "2561"]
[WhiteTeam "SV Werder Bremen"]
[BlackTeam "SC MPO Maria Saal"]
[WhiteFideId "1006088"]
[BlackFideId "4623169"]
[EventDate "2016.11.06"]

1. d4 Nf6 2. c4 g6 3. Nc3 d5 4. cxd5 Nxd5 5. e4 Nxc3 6. bxc3 Bg7 7. Nf3 c5 8.
Be3 Qa5 9. Qd2 Nc6 10. Rb1 a6 11. Rc1 f5 12. Bd3 cxd4 13. cxd4 Qxd2+ 14. Kxd2
O-O 15. exf5 Bxf5 16. Rb1 b5 17. Rhc1 Na5 18. Rc5 Bxd3 19. Kxd3 Nc4 20. a4 Nd6
21. Ne5 Rad8 22. Nc6 Rd7 23. axb5 axb5 24. Ra1 Rc8 25. Ra6 Kf8 26. g4 Ke8 27. h4
Rb7 28. Nxe7 Rxe7 29. Rxd6 Rxc5 30. dxc5 Rd7 31. Bf4 Bf8 32. Rxd7 1/2-1/2

[Event "32nd ECC Open 2016"]
[Site "Novi Sad SRB"]
[Date "2016.11.12"]
[Round "7.10"]
[Board "3"]
[White "Kreisl, Robert"]
[Black "Babula, Vlastimil"]
[Result "0-1"]
[WhiteTitle "IM"]
[BlackTitle "GM"]
[WhiteElo "2448"]
[BlackElo "2548"]
[WhiteTeam "SC MPO Maria Saal"]
[BlackTeam "SV Werder Bremen"]
[WhiteFideId "1613880"]
[BlackFideId "301264"]
[EventDate "2016.11.06"]

1. c4 Nf6 2. Nc3 e5 3. g3 Bc5 4. Bg2 O-O 5. Nf3 Nc6 6. O-O d6 7. e3 h6 8. d4 Bb6
9. h3 Bf5 10. Na4 Be4 11. b3 exd4 12. Nxb6 axb6 13. Nxd4 Bxg2 14. Kxg2 d5 15.
Nxc6 bxc6 16. cxd5 Qxd5+ 17. Qxd5 Nxd5 18. e4 Nb4 19. a3 c5 20. Bf4 Nc2 21. Rac1
Nd4 22. Bxc7 Rfc8 23. Bxb6 Rc6 24. Bxc5 Nxb3 25. Rc3 Nxc5 26. Rfc1 Rac8 27. f4
Kf8 28. e5 Ke7 29. f5 Kd8 30. g4 g5 31. h4 R6c7 32. hxg5 hxg5 33. Kf3 Nd7 34.
Rxc7 Rxc7 35. Rd1 Ke7 36. Ke4 Nc5+ 37. Ke3 Ra7 38. Rd6 Ra4 39. Rd5 Rxa3+ 40. Kd4
Nd7 41. f6+ Ke8 42. Ke4 Nf8 43. Rb5 Ra8 44. Kf5 Ne6 45. Rb7 Kf8 46. Rb4 Kg8 47.
Rb7 Ra1 48. Rb8+ Kh7 49. Ke4 Ra4+ 50. Kf3 Nd4+ 51. Ke3 Ne6 52. Kf3 Rf4+ 53. Kg3
Re4 54. Rb5 Nf4 55. Kf3 Re1 56. Rb7 Kg6 57. Re7 Ne6 0-1

[Event "32nd ECC Open 2016"]
[Site "Novi Sad SRB"]
[Date "2016.11.12"]
[Round "7.10"]
[Board "4"]
[White "Koop, Thorben"]
[Black "Halvax, Georg"]
[Result "1/2-1/2"]
[WhiteTitle "IM"]
[BlackTitle "FM"]
[WhiteElo "2430"]
[BlackElo "2373"]
[WhiteTeam "SV Werder Bremen"]
[BlackTeam "SC MPO Maria Saal"]
[WhiteFideId "24661619"]
[BlackFideId "1619543"]
[EventDate "2016.11.06"]

1. e4 d6 2. d4 Nf6 3. Nc3 e5 4. dxe5 dxe5 5. Qxd8+ Kxd8 6. Bc4 Ke8 7. Nf3 Bd6 8.
Bg5 c6 9. O-O-O Bc7 10. h3 Nbd7 11. Kb1 b5 12. Bd3 Nc5 13. Be3 Ne6 14. Rhe1 Ke7
15. b3 Rd8 16. Bc1 Rb8 17. Bb2 Ne8 18. Ne2 f6 19. Nd2 Nc5 20. Nf1 Be6 21. Ne3 a5
22. f3 Rd7 23. Nc1 Rbd8 24. Be2 Rxd1 25. Rxd1 Rxd1 26. Nxd1 Bb6 27. Nd3 Nxd3 28.
Bxd3 Nd6 29. Bc1 Kd7 30. Be3 Bxe3 31. Nxe3 Nb7 1/2-1/2

[Event "32nd ECC Open 2016"]
[Site "Novi Sad SRB"]
[Date "2016.11.12"]
[Round "7.10"]
[Board "5"]
[White "Ertl, Johann"]
[Black "Grigorian, Spartak"]
[Result "0-1"]
[WhiteTitle "FM"]
[WhiteElo "2306"]
[BlackElo "2280"]
[WhiteTeam "SC MPO Maria Saal"]
[BlackTeam "SV Werder Bremen"]
[WhiteFideId "1613626"]
[BlackFideId "24661490"]
[EventDate "2016.11.06"]

1. e4 c5 2. Nf3 d6 3. d4 cxd4 4. Nxd4 Nf6 5. Nc3 a6 6. Bg5 Nbd7 7. f3 e6 8. Qd2
b5 9. O-O-O Bb7 10. Kb1 Be7 11. h4 h6 12. Be3 b4 13. Nce2 d5 14. exd5 Nxd5 15.
Bf2 O-O 16. Nc1 a5 17. Bb5 N7b6 18. Nc6 Bxc6 19. Bxc6 Rc8 20. Bxb6 Nc3+ 21. Qxc3
Qxb6 22. Qd2 Rxc6 23. Nd3 Rfc8 24. Rc1 Qd8 25. g3 Bf6 26. Rh2 Rc4 27. Qe1 Qd4
28. Re2 Qd6 29. f4 a4 30. Ne5 Bxe5 31. Rxe5 a3 32. b3 Qd4 33. c3 Qd3+ 34. Ka1
Rxc3 35. Rxc3 Rxc3 36. Re4 Qc2 37. Qb1 Qd2 38. Rxb4 g6 39. Rc4 Rxc4 40. bxc4
Qc3+ 41. Qb2 Qxb2# 0-1

[Event "32nd ECC Open 2016"]
[Site "Novi Sad SRB"]
[Date "2016.11.12"]
[Round "7.10"]
[Board "6"]
[White "Charmeteau, Sven"]
[Black "Rieger, Robert"]
[Result "1-0"]
[BlackTitle "FM"]
[WhiteElo "2305"]
[BlackElo "2287"]
[WhiteTeam "SV Werder Bremen"]
[BlackTeam "SC MPO Maria Saal"]
[WhiteFideId "638285"]
[BlackFideId "1625527"]
[EventDate "2016.11.06"]

1. e4 c5 2. Nf3 Nc6 3. d4 cxd4 4. Nxd4 Nf6 5. Nc3 e5 6. Ndb5 d6 7. Bg5 a6 8. Na3
b5 9. Bxf6 gxf6 10. Nd5 f5 11. Bd3 Be6 12. c3 Bg7 13. Nxb5 axb5 14. Bxb5 Bd7 15.
exf5 O-O 16. O-O f6 17. Qg4 Rb8 18. Qa4 Ra8 19. Qe4 Rc8 20. Rfd1 Ne7 21. Bxd7
Qxd7 22. a4 Nxd5 23. Rxd5 Qb7 24. Rb1 Rfe8 25. Qd3 Bf8 26. Rb5 Qc6 27. f3 e4 28.
fxe4 Rxe4 29. a5 Re5 30. Rxe5 dxe5 31. Ra1 e4 32. Qg3+ Kh8 33. Kh1 Bc5 34. a6
Rg8 35. Qe1 e3 36. Qe2 Ba7 37. Rd1 Qe4 38. h3 Qxf5 39. Rf1 1-0

[Event "32nd ECC Open 2016"]
[Site "Novi Sad SRB"]
[Date "2016.11.12"]
[Round "7.11"]
[Board "1"]
[White "Tari, Aryan"]
[Black "Petenyi, Tamas"]
[Result "1-0"]
[WhiteTitle "GM"]
[BlackTitle "IM"]
[WhiteElo "2572"]
[BlackElo "2443"]
[WhiteTeam "Vaalerenga Chess Club"]
[BlackTeam "SK Dunajska Streda"]
[WhiteFideId "1510045"]
[BlackFideId "14909090"]
[EventDate "2016.11.06"]

1. e4 c5 2. Nf3 d6 3. d4 cxd4 4. Nxd4 Nf6 5. Nc3 a6 6. h3 e6 7. g4 b5 8. Bg2 Bb7
9. O-O Nfd7 10. a4 b4 11. Na2 Nc5 12. Nxb4 Bxe4 13. Re1 Bxg2 14. Kxg2 Ra7 15.
Qf3 Rb7 16. Bd2 Qc8 17. Bc3 Be7 18. Nbc6 d5 19. Nxe7 Rxe7 20. Bb4 O-O 21. Nb3
Nbd7 22. Qc3 d4 23. Qxd4 Qb7+ 24. Kg1 Nxb3 25. cxb3 e5 26. Qe4 Nf6 27. Qxb7 Rxb7
28. Bxf8 Kxf8 29. Re3 Nd5 30. Rxe5 Nf4 31. Rd1 g5 32. Re3 Rc7 33. b4 Rc4 34. b3
Rxb4 35. Rd6 a5 36. Ra6 Rd4 37. Rxa5 h6 38. Rf5 Rd1+ 39. Kh2 Rd2 40. Rf3 Rb2 41.
a5 Kg7 42. R5xf4 gxf4 43. Rxf4 Rxb3 44. Ra4 1-0

[Event "32nd ECC Open 2016"]
[Site "Novi Sad SRB"]
[Date "2016.11.12"]
[Round "7.11"]
[Board "2"]
[White "Bokros, Albert"]
[Black "Bosiocic, Marin"]
[Result "1/2-1/2"]
[WhiteTitle "IM"]
[BlackTitle "GM"]
[WhiteElo "2492"]
[BlackElo "2586"]
[WhiteTeam "SK Dunajska Streda"]
[BlackTeam "Vaalerenga Chess Club"]
[WhiteFideId "710458"]
[BlackFideId "14507927"]
[EventDate "2016.11.06"]

1. e4 e5 2. Nf3 Nc6 3. Bb5 a6 4. Ba4 Nf6 5. d4 exd4 6. O-O Be7 7. e5 Ne4 8. Nxd4
O-O 9. Nf5 d5 10. exd6 Bxf5 11. dxe7 Nxe7 12. Bb3 Qxd1 13. Rxd1 Rad8 14. Re1 Nc5
15. Nc3 Rd7 16. Be3 Nxb3 17. cxb3 Rfd8 18. b4 Nc6 19. a3 f6 20. Rad1 Ne5 21.
Rxd7 Rxd7 22. Rd1 Rxd1+ 23. Nxd1 Bc2 24. Nc3 Nd3 25. b5 Bb3 26. Bd4 Nxb2 27.
bxa6 bxa6 28. Ne4 Nd3 29. Nc5 Bc4 30. Nxd3 Bxd3 31. f3 Kf7 32. Kf2 Ke6 33. Bc5
Kd5 34. Bf8 g6 35. Ke3 Bf1 36. g3 Kc4 37. Be7 f5 38. g4 Bh3 39. g5 c6 40. Bf8 a5
41. Be7 a4 42. Bf8 Kc3 43. Be7 Kc2 44. f4 Kd1 45. Bb4 Kc2 46. Bf8 Kc3 47. Be7
Kc4 48. Bf8 Kd5 49. Be7 Ke6 50. Bf8 Kf7 51. Bb4 Kg7 52. Bc3+ Kf7 1/2-1/2